000 00320nam a2200133Ia 4500
008 191201s2006 xx 000 0 und d
082 _a658.80285
_bMIE
100 _aMISHRA, Anuranjan
245 0 _aElectronic Commerce
260 _aN.Delhi
_bGalgotia Pub. Pvt
_c2006
300 _a285
650 _aMBA
942 _2ddc
_cBK
999 _c3105
_d3105